fundamentals algorithams : the art of computer programming (Record no. 166124)

000 -LEADER
fixed length control field 00410nam a2200145Ia 4500
008 - FIXED-LENGTH DATA ELEMENTS--GENERAL INFORMATION
fixed length control field 220217s9999||||xx |||||||||||||| ||und||
020 ## - INTERNATIONAL STANDARD BOOK NUMBER
International Standard Book Number 81-7808-111-3
082 ## - DEWEY DECIMAL CLASSIFICATION NUMBER
Classification number 005.1 KNU
100 ## - MAIN ENTRY--PERSONAL NAME
Personal name Knuth, Donald E.
9 (RLIN) 1238
245 #0 - TITLE STATEMENT
Title fundamentals algorithams : the art of computer programming
250 ## - EDITION STATEMENT
Edition statement 3rd
260 ## - PUBLICATION, DISTRIBUTION, ETC.
Place of publication, distribution, etc. Addison Wesley
Name of publisher, distributor, etc. Harlow
Date of publication, distribution, etc. 2000
300 ## - PHYSICAL DESCRIPTION
Other physical details 350
650 ## - SUBJECT ADDED ENTRY--TOPICAL TERM
Topical term or geographic name entry element PROGRAMMING LANGUAGE
Holdings
Withdrawn status Lost status Damaged status Not for loan Collection code Home library Current library Shelving location Date acquired Full call number Barcode Date last seen Price effective from Koha item type
        Computer Science and Engineering Central Library Central Library Book Cart 02/18/2022 005.1 KNU 1313 02/18/2022 02/18/2022 Books

Powered by Koha